Größte Stadt in jedem Risikogebiet - Statistiken

Allgemein
  • Dieses Quiz wurde 63 mal gespielt
  • Das Durchschnittsergebnis liegt bei 26 aus 42
Antworten auf der Karte
Die Antworten werden auf der Karte rot bzw. grün angezeigt, abhängig davon wie oft sie richtig erraten wurden.
 
Antwortstatistiken
Kontinent Gebiet Einwohner Stadt % Korrekt
Europa Großbritannien 14.9 m London
93%
Europa Ukraine 19.1 m Moskau
93%
Europa Nordeuropa 4.85 m Berlin
89%
Europa Westeuropa 11.5 m Paris
88%
Europa Island 240 k Reykjavík
88%
Europa Skandinavien 2.28 m Stockholm
88%
Afrika Ägypten 22.5 m Kairo
86%
Asien Japan 41.0 m Tokio
86%
Nordamerika Oststaaten 22.0 m New York
84%
Europa Südeuropa 15.9 m Mailand
82%
Nordamerika Weststaaten 17.2 m Los Angeles
81%
Nordamerika Ontario 7.70 m Toronto
79%
Südamerika Argentinien 16.7 m Buenos Aires
77%
Nordamerika Zentralamerika 25.1 m Mexiko-Stadt
77%
Südamerika Peru 11.8 m Lima
75%
Ozeanien Ostaustralien 5.00 m Melbourne
75%
Südamerika Venezuela 10.4 m Bogotá
72%
Südamerika Brasilien 22.1 m São Paulo
72%
Asien Indien 34.6 m Delhi
68%
Ozeanien Indonesien 29.2 m Jakarta
67%
Asien Mittlerer Osten 16.5 m Teheran
67%
Nordamerika Alberta 3.08 m Vancouver
67%
Asien Siam 21.2 m Bangkok
65%
Afrika Kongo 15.6 m Kinshasa
63%
Afrika Südafrika 14.6 m Johannesburg
61%
Nordamerika Québec 4.43 m Montreal
58%
Asien Mongolei 25.1 m Seoul
58%
Afrika Madagaskar 3.05 m Antananarivo
56%
Afrika Nordafrika 20.7 m Lagos
54%
Nordamerika Grönland 19.9 k Nuuk
53%
Ozeanien Westaustralien 2.25 m Perth
53%
Afrika Ostafrika 7.05 m Khartum
51%
Nordamerika Alaska 287 k Anchorage
46%
Ozeanien Neuguinea 366 k Port Moresby
42%
Asien China 70.1 m Guangzhou
35%
Asien Afghanistan 3.78 m Taschkent
28%
Asien Irkutsk 700 k Irkutsk
23%
Asien Jakutsk 380 k Jakutsk
23%
Asien Ural 1.86 m Nowosibirsk
23%
Nordamerika Nordwestterritorium 24.5 k Whitehorse
12%
Asien Kamtschatka 617 k Chabarowsk
5%
Asien Siberien 1.29 m Krasnojarsk
5%
Keine übereinstimmenden Quizze gefunden
Verteilung der Resultate
Anzahl Personen mit jedem Resultat
Perzentil nach korrekt beantworteten Fragen
Ihre Resultats-Entwicklung
Sie haben dieses Quiz noch nicht gespielt